000
00276nam a22001337a 4500
008
170727b xxu||||| |||| 00| 0 eng d
020
_a
0824072871
041
_a
eng
080
_a
004
100
_a
31
101
_a
SHK
245
_a
DATABASICS
_c
HOWITT,D
942
_2
udc
_c
BK
999
_c
22012
_d
22012